Missing Word: Countries Quiz Stats

 Plays Quiz Updated Jul 6, 2016

Challenge
Share
Tweet
Embed
Score 0/20 Timer 03:00
4 Plays Today
Phrase Missing Country % Correct
Tour de ____France
96.8%
____ Gooding, Jr.Cuba
82.4%
Devil Went Down to ____Georgia
76.8%
Don't Cry For Me ____Argentina
74.5%
From ____ With LoveRussia
74.4%
Air ____Jordan
71.4%
Good Morning, ____Vietnam
69.8%
____: Escape 2 AfricaMadagascar
69.3%
For all the tea in ____China
64.8%
The Rain in ____Spain
62.1%
Phrase Missing Country % Correct
Ten Plagues of ____Egypt
60.9%
Hotel _____Rwanda
60.9%
____ OchocincoChad
57.8%
A Passage to ____India
53.8%
____-Contra AffairIran
49.9%
____ GooseCanada
47.3%
Hear, ____, the Lord is our God,
the Lord is one
Israel
45.7%
Something is rotten in the state
of _____
Denmark
43.6%
____ PigGuinea
33.8%
Cedar of ____Lebanon
21.2%

Today's Daily Dose

You're not logged in!

Compare scores with friends on all Sporcle quizzes.
Join for Free
OR
Log In

You Might Also Like...

Show Comments

Extras

Top Quizzes Today


Score Distribution

Your Account Isn't Verified!

In order to create a playlist on Sporcle, you need to verify the email address you used during registration. Go to your Sporcle Settings to finish the process.

Report this User

Report this user for behavior that violates our Community Guidelines.

Details: